• 首页
  • 本馆介绍
  • 公告通知
  • 最新文献
  • 馆藏检索
  • 电子资源
  • 读者导购
  • 参考咨询
  • 我的图书馆
  • 登录
  • 详细信息显示
  • 放入我的书架
  • 预约/预借图书
  • 作者相关作品
  • 分类相关作品
  • 丛书相关作品
  • 出版社相关作品

书目信息

  • 表格格式
  • 工作单格式
  • 卡片格式
题名:
模型飞机空气动力学
    
 
作者: 马丁 西蒙斯 著 ;肖志恒 , 马东立 译
分册:  
出版信息: 北京   航空工业出版社  2007.06
页数: 398页
开本: 20cm
丛书名:
单 册:
中图分类: V211
科图分类:
主题词: 航空--理论 , 航空--试验
电子资源:
ISBN: 7-80183-952-8
000 00763nam0 2200229 450
001 2255559777
005 20221009152919.87
010    @a7-80183-952-8@dCNY58.00
100    @a20221009d2007 km y0chiy0120 ea
101 0  @achi
102    @aCN@b110000
200 1  @a模型飞机空气动力学@AMo Xing Fei Ji Kong Qi Dong Li Xue@f(英)马丁 西蒙斯著@F(Ying)Ma Ding Xi Meng Si Zhu@g肖志恒,马东立译@GXiao Zhi Heng,Ma Dong Li Yi
210    @a北京@c航空工业出版社@d2007.06
215    @a398页@d20cm
606 0  @a航空@x理论
606 0  @a航空@x试验
690    @aV211@v4
701  0 @a马丁 西蒙斯@AMa Ding Xi Meng Si@4著
702  0 @a肖志恒@AXiao Zhi Heng@4译
702  0 @a马东立@AMa Dong Li@4译
801  0 @aCN@b大连网信软件有限公司图书馆·11@c20221009
905    @aZUCC@dV211@eZY2
    
    模型飞机空气动力学/(英)马丁 西蒙斯著/肖志恒,马东立译.-北京:航空工业出版社,2007.06
    398页;20cm
    
    
    ISBN 7-80183-952-8:CNY58.00
    
●
相关链接 在E读中查询图书 在五车中查询图书 在当当中查询图书 在豆瓣中查询图书


正题名:模型飞机空气动力学     索取号:V211/ZY2         预约/预借

序号 登录号 条形码 馆藏地/架位号 状态 备注
1 7905123   279051231   密集书库-资源管理系/ [索取号:V211/ZY2] 在馆    
唐山师范学院图书馆 欢迎您!
大连网信软件有限公司© 版权所有